| 000 | 00000nam##2200000za#4500 |
| 001 | 9.684247 |
| 003 | CaOODSP |
| 005 | 20210615134059 |
| 007 | ta |
| 008 | 150407|2005||||xxc||||| f|0| 0 fre|d |
| 020 | |a0-9737807-3-8 |
| 040 | |aCaOODSP|bfre |
| 043 | |an-cn--- |
| 086 | 1 |aFo4-14/7-2005F |
| 110 | 1 |aCanada.|bRessources naturelles Canada. |bService canadien des forêts. |
| 245 | 13|aLa forêt boréale : |bun héritage mondial / |c[Publié par] Association forestière canadienne. |
| 246 | 3 |aTrousse d'enseignement. Volume 7, La forêt boréale |
| 260 | |aOttawa - Ontario : |bRessources naturelles Canada. |cc2005. |
| 300 | |a52p. : |bglossaire, ill., cartes, photographies ; |c28 cm. + |eUne affiche bilingue sous le titre: Canada's boreal forest. |
| 500 | |aPour commander les trousses d'enseignements de l'AFC, veuillez visiter le site web à l'adresse web indiquée ci-dessous. |
| 520 | 3 |aOffre aux enseignants les outils nécessaires pour mieux faire comprendre au jeune peuple la valeur des forêts et l'importance de les protéger et de les conserver. |
| 563 | |aCouverture souple |
| 590 | |a08-19|b2008-05-09 |
| 775 | 08|tThe boreal forest : |w(CaOODSP)9.651203 |
| 776 | 0#|tLa forêt boréale : |w(CaOODSP)9.640906 |